000
00293nam a22001337a 4500
008
181024b xxu||||| |||| 00| 0 eng d
020
_a
9780801661419
041
_a
eng
080
_a
616.12
100
_a
7
101
_a
KAR
245
_a
Hemodynamic Wafeforms
_c
Ealine,K
942
_2
udc
_c
BK
999
_c
50835
_d
50835